000 00800nam a22002177a 4500
003 URS
005 20251023093541.0
020 _a978-621-409-317-5
040 _bTagalog
_cURS
_erda
050 _aPL6054
_b.M842 2025
100 _aMortera, Melvin Orio,
_eauthor.
245 _aPantulong sa kontekstwalisadong komunikasyon sa kalakarang new normal :
_b(kursong Filipino sa kolehiyo sa pangkalahatang edukasyon) /
_cMelvin Orio Mortera.
264 _aMandaluyong City :
_bBooks Atbp., Publishing Corporation,
_c©2025
300 _axv, 155 pages ;
_c23 cm.
336 _2rdacontent
_atext
_btxt
337 _2rdamedia
_aunmediated
_bn
338 _2rdacarrier
_avolume
_bnc
504 _aIncludes bibliographical references.
650 0 _aFilipino language
_xStudy and teaching (Higher).
942 _2lcc
_cF
999 _c88467
_d88464